=LDR 00000nam 2200000 4500 =001 INLIS000000000026936 =005 20130612125340 =008 ***********************************Ind** =035 ##$$0010-061300000026936 =041 ##$$a Ind =082 ##$$a 2x5.5 =090 ##$$a 2x5.5, Lah m =100 ##$$a Al-Lahham, Said =245 ##$$a Mengapa do'aku tak terkabul, adab doa mustajab, Sa'id Al-Lakham ; penerjemah, Ahsin Muhammad =260 ##$$a 2007 $b Jakarta =300 ##$$a 110 hlm, 21 cm =650 ##$$a Do'a Mustajab =700 ##$$a Muhammad, Aksim =850 ##$$a NBPNMAT =990 ##$$a 0001/BPAP-NTB/2016